Diamonds in the desert : (Record no. 817)

MARC details
000 -LEADER
fixed length control field 00862cam a2200301 a 4500
005 - DATE AND TIME OF LATEST TRANSACTION
control field 20260322212035.0
008 - FIXED-LENGTH DATA ELEMENTS--GENERAL INFORMATION
fixed length control field data
010 ## - LIBRARY OF CONGRESS CONTROL NUMBER
LC control number 88144139
020 ## - INTERNATIONAL STANDARD BOOK NUMBER
International Standard Book Number 0945188013
020 ## - INTERNATIONAL STANDARD BOOK NUMBER
International Standard Book Number 0945188005
020 ## - INTERNATIONAL STANDARD BOOK NUMBER
International Standard Book Number 9780945188001
020 ## - INTERNATIONAL STANDARD BOOK NUMBER
International Standard Book Number 9780945188018
040 ## - CATALOGING SOURCE
Original cataloging agency DLC
Transcribing agency DLC
Modifying agency DLC
043 ## - GEOGRAPHIC AREA CODE
Geographic area code n-us-az
050 00 - LIBRARY OF CONGRESS CALL NUMBER
Classification number CT274.W535
Item number Y67 1987
082 00 - DEWEY DECIMAL CLASSIFICATION NUMBER
Classification number 979.1/05/0922
Edition information 19
092 ## - LOCALLY ASSIGNED DEWEY CALL NUMBER (OCLC)
Classification number 979.1 Y67 1987
001 - CONTROL NUMBER
control field data
100 1# - MAIN ENTRY--PERSONAL NAME
Personal name Yost, Billie Williams,
Dates associated with a name 1907-
245 10 - TITLE STATEMENT
Title Diamonds in the desert :
Remainder of title the family history of Bill and Gertie Williams /
Statement of responsibility, etc. Billie Williams Yost.
250 ## - EDITION STATEMENT
Edition statement 1st ed.
260 ## - PUBLICATION, DISTRIBUTION, ETC.
Place of publication, distribution, etc. Flagstaff, Ariz. :
Name of publisher, distributor, etc. Silver Spruce Pub.,
Date of publication, distribution, etc. c1987.
300 ## - PHYSICAL DESCRIPTION
Extent x, 204 p. ;
Dimensions 23 cm.
600 30 - SUBJECT ADDED ENTRY--PERSONAL NAME
Personal name Williams family.
600 10 - SUBJECT ADDED ENTRY--PERSONAL NAME
Personal name Yost, Billie Williams,
Dates associated with a name 1907-
General subdivision Family.
650 #0 - SUBJECT ADDED ENTRY--TOPICAL TERM
Topical term or geographic name entry element Trading posts
Geographic subdivision Arizona.
651 #0 - SUBJECT ADDED ENTRY--GEOGRAPHIC NAME
Geographic name Arizona
General subdivision Biography.
Holdings
Withdrawn status Lost status Damaged status Not for loan Home library Current library Shelving location Date acquired Total checkouts Full call number Barcode Date last seen Price effective from Koha item type
        Fairfield Fairfield General stacks 22/03/2026   979.1/05/0922 19 BC0010841 22/03/2026 22/03/2026 Books